000 01252cam a22003617a 4500
003 CHAP
005 20220329141141.0
008 971010s1984 r 00010 d
010 _a63452
011 _a64424
035 _a69746
040 _cCHAP
082 _a632.7
_bP4y
100 0 0 _aPhilbrick, Helen.
_987783
245 1 3 _aEl libro de los insectos
_b: control inofensivo de insectos
260 _aMéxico, D. F. :
_bCECSA,
_c1984
300 _a119 p
590 _aBATCH-UPD
_b10
_c20130109
_lUCH01
_h2341
590 _aBATCH-UPD
_b10
_c20130110
_lUCH01
_h0706
590 _aBATCH-UPD
_b10
_c20130409
_lUCH01
_h1911
590 _aBATCH-UPD
_b10
_c20130410
_lUCH01
_h0351
590 _aBATCH-UPD
_b10
_c20130914
_lUCH01
_h1045
590 _aCONVERSION
_b10
_c20130109
_lUCH01
_h1334
650 1 4 _aControl biológico de insectos.
_927582
650 1 4 _aEntomología económica.
_937145
700 0 _aPhilbrick, John.
_987784
901 _aBK
942 _cLIBRO
949 _a632.7 P4y
_bBC
_cC
_d-129023
_eC
_fc.3
_h51841
_i69746
_si
_t90.00
949 _a632.7 P4y
_bBC
_cC
_d33724000649190
_eC
_h51840
_i69746
_si
_t90.00
949 _a632.7 P4y
_bBC
_cC
_d33724000746251
_eC
_fc.2
_h51841
_i69746
_sb
_t90.00
949 _a632.7 P4y
_bP
_cLIBRO
_d-1972
_eLIBRO
_h770
_i69746
_si
999 _c63452
_d63452